000 01633nam0a2200373 4500
001 RU\NLR\BIBL_A\022343275
005 20260503062050.0
010 _a978-5-00083-939-3
021 _aRU
_bКН-П-24-048929
_9КН-П-24-4862
035 _a(NLR Aleph) 022343275
090 _a13666527
_c13666527
100 _a20241007d2024 d y0rusy50 ca
101 0 _arus
102 _aRU
105 _aa z 000ay
181 0 _ai
_baxxe
182 0 _an
200 1 _aСахарный ребёнок
_eистория девочки из прошлого века, рассказанная Стеллой Нудольской
_e[роман
_eдля среднего и старшего школьного возраста]
_fОльга Громова
_gиллюстрации Марии Пастернак
203 _aТекст
_bвизуальный
_cнепосредственный
205 _a10-е изд., стер.
210 _aМосква
_cКомпасГид
_d2024
215 _a159, [1] с.
_cил.
_d22
320 _aДругая кн. авт. в аннот. на обороте тит. с.
333 _a12+
686 0 _aШ9(2)62=Р7-4
700 1 _aГромова
_bО. К.
_f1956-
_gОльга Константиновна
_9150903
_3RU\NLR\AUTH\770150940
702 1 _aПастернак
_bМ. В.
_gМария Вячеславовна
_4440
702 1 _aНудольская
_bС. Н.
_gСтелла Натановна
_4570
942 _cBOOK
980 _aNB